[Event "Madrid-ch Previa-B"]
[Site "Madrid"]
[Date "2009.11.07"]
[Round "3"]
[White "Montes Rubio, Miguel"]
[Black "Marcos Herrero, Francisco"]
[Result "1/2-1/2"]
[WhiteElo "1717"]
[BlackElo "1851"]
[PlyCount "94"]
[EventDate "2009.11.05"]
[EventType "swiss"]
[EventRounds "9"]
[EventCountry "ESP"]
[SourceTitle "CBM 133 Extra"]
[Source "ChessBase"]
[SourceDate "2010.01.05"]
[SourceVersion "1"]
[SourceVersionDate "2010.01.05"]
[SourceQuality "1"]

1. d4 Nf6 2. Nf3 g6 3. e3 Bg7 4. Bd3 d5 5. Nbd2 Nc6 6. c3 0-0 7. e4 dxe4 8. Nxe4 e5 9. Nxe5 Nxe5 10. Nxf6+ Qxf6 11. dxe5 Qxe5+ 12. Qe2 Re8 13. Be3 Bf5 14. 0-0 Bxd3 15. Qxd3 Rad8 16. Qc2 Qh5 17. Rfe1 b6 18. Rad1 Be5 19. h3 c5 20. Qc1 Bf6 21. Bf4 g5 22. Rxe8+ Rxe8 23. Rd5 h6 24. Be3 Qe2 25. Qd2 Qxd2 26. Rxd2 Re7 27. Rd1 Kg7 28. Rd2 Be5 29. g4 Kg6 30. Re2 f5 31. f3 f4 32. Bf2 Bd6 33. Rxe7 Bxe7 34. Kf1 Kf6 35. Ke2 Ke6 36. Kd3 b5 37. Kd2 a6 38. b3 Kd5 39. Kc2 Bf6 40. Kd2 a5 41. Kc2 c4 42. Bb6 cxb3+ 43. axb3 a4 44. Ba5 axb3+ 45. Kxb3 Be7 46. Bb6 Bf6 47. Bf2 Kc6 1/2-1/2